| 000 | 00709nam a22002297a 4500 | ||
|---|---|---|---|
| 999 |
_c2971 _d2971 |
||
| 003 | OSt | ||
| 005 | 20210728061109.0 | ||
| 008 | 210728b ||||| |||| 00| 0 eng d | ||
| 020 | _a9780986660603 | ||
| 040 | _cALUPE UNIVERSITY | ||
| 050 |
_aHF5691 _b.D35 2012 |
||
| 100 | _aLarry Daisley; | ||
| 245 | _aMathematics of business and finance | ||
| 250 | _aFirst Edition | ||
| 260 |
_a[Toronto] : _bVretta, [2012] _c ©2012 |
||
| 300 |
_axvi, 498 pages : _bcolour illustrations ; _g 28 cm |
||
| 500 | _aText on front and back lining papers. Includes index. | ||
| 650 | _aBusiness. Finance. Mathematics. | ||
| 700 | _aThambyrajah Kugathasan; | ||
| 700 | _aDiane Huysmans | ||
| 942 |
_2lcc _cBK _nMM |
||